000 00556nam a2200193Ia 4500
003 GCL
008 140319s9999 xx 000 0 ara d
040 _aGCL /
_cGCL
082 0 4 _a811.01
_bا ح
100 1 _aاحمد تيمور
245 1 0 _aالحب عند العرب /
_cاحمد تيمور
260 _a[S.N] :
_bدار المعارف للطباعة والنشر ،
_c1993
300 _a159 ص
490 _a
650 0 4 _aالشعر العربى
650 0 4 _aالشعر الغزلى
650 0 4 _aالحب فى الادب
942 _2ddc
_cBK
999 _c44869
_d44869